[Event "SR 2. liga A 2018/2019"]
[Site "?"]
[Date "2018.12.15"]
[Round "5.6"]
[White "Mandak, Miroslav"]
[Black "Petrik, Karol"]
[Result "0-1"]
[WhiteElo "1994"]
[BlackElo "2111"]
[PlyCount "64"]
[EventDate "2018.??.??"]
[WhiteTeam "SK Krasnany"]
[BlackTeam "SK Doprastav"]

1. d4 Nf6 2. c4 c5 3. d5 b5 4. cxb5 a6 5. b6 Qxb6 6. Nc3 g6 7. Nf3 Bg7 8. Qc2
d6 9. e4 O-O 10. Be2 e6 11. O-O exd5 12. exd5 Bf5 13. Bd3 Bxd3 14. Qxd3 Nbd7
15. Rb1 Rfe8 16. h3 Rab8 17. Rd1 Qa5 18. Bf4 c4 19. Qc2 Qc7 20. g4 Nc5 21. g5
Nh5 22. Be3 Nd3 23. Qd2 Qd7 24. Kg2 Qf5 25. Ng1 Nhf4+ 26. Bxf4 Nxf4+ 27. Kh1
Nxh3 28. Nxh3 Qxh3+ 29. Kg1 Rxb2 30. Qxb2 Bxc3 31. Qb7 Be5 32. Qa7 Bh2+ 0-1

[Event "SR 2. liga A 2018/2019"]
[Site "?"]
[Date "2018.12.15"]
[Round "5.7"]
[White "Bednar, Jan"]
[Black "Gettler, Daniel"]
[Result "1-0"]
[WhiteElo "2032"]
[BlackElo "2049"]
[PlyCount "51"]
[EventDate "2018.??.??"]
[WhiteTeam "SK Doprastav"]
[BlackTeam "SK Krasnany"]

1. e4 c5 2. Nf3 e6 3. d4 a6 4. Be2 b5 5. O-O Bb7 6. c4 Bxe4 7. Nc3 Bb7 8. cxb5
Nf6 9. Bg5 d5 10. bxa6 Bxa6 11. Qa4+ Nbd7 12. Bxa6 Qb6 13. Nb5 Ke7 14. dxc5
Nxc5 15. Qf4 Rxa6 16. a4 h6 17. Bxf6+ gxf6 18. Rfc1 Bg7 19. Nfd4 Rha8 20. Qc7+
Qxc7 21. Nxc7 Nd3 22. Nxa8 Nxc1 23. Nc7 Rb6 24. Rxc1 Rxb2 25. g3 f5 26. Ncb5
1-0

[Event "SR 2. liga A 2018/2019"]
[Site "?"]
[Date "2018.12.15"]
[Round "5.8"]
[White "Kohlmann, Robert"]
[Black "Salgovic, Simon"]
[Result "1/2-1/2"]
[WhiteElo "2078"]
[BlackElo "1885"]
[PlyCount "80"]
[EventDate "2018.??.??"]
[WhiteTeam "SK Krasnany"]
[BlackTeam "SK Doprastav"]

1. e4 d5 2. exd5 Qxd5 3. Nf3 Nf6 4. d4 Bg4 5. Be2 Nc6 6. c4 Qf5 7. O-O O-O-O 8.
Be3 e5 9. d5 e4 10. Nd4 Nxd4 11. Bxd4 Bd6 12. f3 Qh5 13. g3 exf3 14. Bxf3 Bxf3
15. Qxf3 Ng4 16. Qf5+ Qxf5 17. Rxf5 f6 18. Nc3 Be5 19. Bxe5 Nxe5 20. b3 Rhe8
21. Nb5 c6 22. Nc3 Ng4 23. Rf3 Ne3 24. Re1 cxd5 25. cxd5 Ng4 26. Rc1 Ne5 27.
Nb5+ Kb8 28. Rfc3 Rc8 29. Rxc8+ Rxc8 30. Rxc8+ Kxc8 31. Nxa7+ Kd7 32. Nb5 Ng4
33. Kg2 Ne3+ 34. Kf3 Nxd5 35. Ke4 Ne7 36. Nd4 Kd6 37. b4 g6 38. g4 Nd5 39. Nb5+
Kc6 40. Nd4+ Kd6 1/2-1/2

[Event "SR 2. liga A 2018/2019"]
[Site "?"]
[Date "2018.12.15"]
[Round "5.1"]
[White "Federic, Jozef"]
[Black "Gabris, Ondrej"]
[Result "1/2-1/2"]
[WhiteElo "2207"]
[BlackElo "2176"]
[PlyCount "46"]
[EventDate "2018.??.??"]
[WhiteTeam "SK Modra B"]
[BlackTeam "KS Pezinok"]

1. d4 d6 2. Nf3 Nf6 3. e3 g6 4. Be2 Bg7 5. b3 O-O 6. Bb2 b6 7. O-O Bb7 8. c4
Nbd7 9. Nbd2 Re8 10. Qc2 e5 11. d5 a5 12. a3 Ng4 13. e4 Nh6 14. Ne1 f5 15. b4
f4 16. Nd3 Qe7 17. c5 bxc5 18. bxc5 Ba6 19. Nc4 Nf6 20. f3 Nf7 21. Qc3 Bh8 22.
Nc1 a4 23. Rd1 Nd7 1/2-1/2

[Event "SR 2. liga A 2018/2019"]
[Site "?"]
[Date "2018.12.15"]
[Round "5.2"]
[White "Michal, Silvio"]
[Black "Dugovic, Branislav"]
[Result "0-1"]
[WhiteElo "2096"]
[BlackElo "2172"]
[PlyCount "90"]
[EventDate "2018.??.??"]
[WhiteTeam "KS Pezinok"]
[BlackTeam "SK Modra B"]

1. Nf3 d5 2. g3 Nf6 3. Bg2 Bf5 4. O-O e6 5. c4 c6 6. Qb3 Qb6 7. d3 Qxb3 8. axb3
Nbd7 9. d4 Be7 10. c5 O-O 11. b4 a6 12. Nc3 h6 13. h3 Ne4 14. g4 Bh7 15. Bf4
Bf6 16. e3 Rfe8 17. Rfd1 Nxc3 18. bxc3 Be4 19. Ne5 Bxe5 20. dxe5 Bxg2 21. Kxg2
a5 22. e4 g5 23. Bg3 axb4 24. cxb4 Rxa1 25. Rxa1 dxe4 26. Ra7 Rb8 27. Kf1 Kf8
28. Ke2 Ke8 29. Ke3 b6 30. Rc7 bxc5 31. bxc5 Nxc5 32. Rxc6 Rb3+ 33. Kd4 Na4 34.
Rc8+ Kd7 35. Rh8 Rd3+ 36. Kc4 Nb6+ 37. Kb5 Rxg3 38. Kxb6 Rxh3 39. Ra8 Rb3+ 40.
Kc5 Rd3 41. Rh8 Rd2 42. Rxh6 Rxf2 43. Rh3 Rg2 44. Kd4 Rxg4 45. Rh7 Ke7 0-1

[Event "SR 2. liga A 2018/2019"]
[Site "?"]
[Date "2018.12.15"]
[Round "5.3"]
[White "Mydlarik, Martin"]
[Black "Gazi, Mikulas"]
[Result "1-0"]
[WhiteElo "2088"]
[BlackElo "2005"]
[PlyCount "45"]
[EventDate "2018.??.??"]
[WhiteTeam "SK Modra B"]
[BlackTeam "KS Pezinok"]

1. e4 c5 2. Nf3 d6 3. d4 cxd4 4. Nxd4 Nf6 5. Nc3 g6 6. Be2 Bg7 7. Be3 O-O 8.
O-O Nc6 9. h3 Bd7 10. Nxc6 Bxc6 11. Qd3 d5 12. e5 Ne4 13. Bd4 Nxc3 14. Qxc3 a6
15. a4 Rc8 16. Qe3 h5 17. Bd3 Qd7 18. b3 b5 19. a5 Kh7 20. Qg5 Bh6 21. Qxh5 f5
22. exf6 Qe8 23. Rae1 1-0

[Event "SR 2. liga A 2018/2019"]
[Site "?"]
[Date "2018.12.15"]
[Round "5.4"]
[White "Mrkvik, Jan"]
[Black "Sobek, Michal"]
[Result "0-1"]
[WhiteElo "1920"]
[BlackElo "2013"]
[PlyCount "116"]
[EventDate "2018.??.??"]
[WhiteTeam "KS Pezinok"]
[BlackTeam "SK Modra B"]

1. Nf3 Nf6 2. g3 g6 3. Bg2 Bg7 4. O-O O-O 5. d4 c5 6. dxc5 Qa5 7. Nc3 Qxc5 8.
Be3 Qh5 9. Qd3 Nc6 10. Qb5 d5 11. Rfd1 Rd8 12. Qa4 Ng4 13. Bd2 Nce5 14. h3
Nxf3+ 15. exf3 Ne5 16. g4 Qh4 17. Bf4 Bd7 18. Qa5 Nc4 19. Qxd5 Nxb2 20. Bg5
Nxd1 21. Rxd1 e6 22. Bxh4 exd5 23. Bxd8 Bxc3 24. Bg5 f6 25. Be3 Bc6 26. f4 d4
27. Bxc6 bxc6 28. Bd2 Bxd2 29. Rxd2 Rd8 30. c3 d3 31. f3 c5 32. c4 Rd4 33. Kf2
Rxc4 34. Rxd3 Rc2+ 35. Ke3 Rxa2 36. Rc3 Ra5 37. h4 Kf7 38. Kd3 Ke6 39. Kc4 Kd6
40. Rd3+ Kc6 41. Re3 Ra4+ 42. Kb3 Rxf4 43. Rc3 Kb5 44. Ka3 Ra4+ 45. Kb2 Rf4 46.
Ka3 a5 47. Kb3 a4+ 48. Kb2 h5 49. Re3 hxg4 50. fxg4 Rxg4 51. Rf3 Rxh4 52. Rxf6
Rh2+ 53. Ka1 Rg2 54. Rf1 g5 55. Rb1+ Kc6 56. Rb8 g4 57. Ra8 g3 58. Rxa4 Rf2 0-1

[Event "SR 2. liga A 2018/2019"]
[Site "?"]
[Date "2018.12.15"]
[Round "5.5"]
[White "Bochnickova, Andrea"]
[Black "Fuchs, Ladislav"]
[Result "0-1"]
[WhiteElo "2124"]
[BlackElo "1933"]
[PlyCount "84"]
[EventDate "2018.??.??"]
[WhiteTeam "SK Modra B"]
[BlackTeam "KS Pezinok"]

1. e4 e5 2. Nf3 Nc6 3. d4 exd4 4. Nxd4 Bc5 5. Be3 Bb6 6. Bc4 d6 7. O-O Nf6 8.
Nc3 O-O 9. Nxc6 bxc6 10. Bxb6 axb6 11. f4 Ba6 12. Bxa6 Rxa6 13. Qf3 Ra5 14.
Rad1 Qc8 15. h3 Re8 16. g4 Qe6 17. Rfe1 h6 18. Rd2 g5 19. e5 dxe5 20. fxg5 hxg5
21. Rf1 Nd5 22. Ne4 Nf4 23. Rh2 f6 24. h4 gxh4 25. Rxh4 Re7 26. Qh1 Rg7 27. Rf3
Rxg4+ 28. Rxg4+ Qxg4+ 29. Kf1 Kf7 30. a3 Rd5 31. Kf2 Ke6 32. Qf1 b5 33. b3 Qh4+
34. Ke3 Qh2 35. Rf2 Qh6 36. Kf3 Qh5+ 37. Ke3 Qh6 38. Kf3 f5 39. Nc3 Rd4 40. Kg3
Qg5+ 41. Kf3 e4+ 42. Ke3 Nd5+ 0-1

[Event "SR 2. liga A 2018/2019"]
[Site "?"]
[Date "2018.12.15"]
[Round "5.6"]
[White "Hulla, Stanislav"]
[Black "Sustak, Roman"]
[Result "1-0"]
[WhiteElo "1963"]
[BlackElo "1917"]
[PlyCount "181"]
[EventDate "2018.??.??"]
[WhiteTeam "KS Pezinok"]
[BlackTeam "SK Modra B"]

1. d4 Nf6 2. Nf3 g6 3. Bf4 Bg7 4. e3 O-O 5. Be2 d6 6. h3 c5 7. c3 Qb6 8. Qb3
Be6 9. Qxb6 axb6 10. a3 Nc6 11. Nbd2 Na5 12. O-O Rfc8 13. Rfd1 Bd5 14. Rac1 c4
15. Re1 b5 16. Bf1 Ne4 17. Nxe4 Bxe4 18. Nd2 Bc6 19. Be2 e5 20. Bg3 f5 21. Bd1
Re8 22. Bc2 Rad8 23. Rcd1 Bh6 24. Nf3 f4 25. Bh2 Bxf3 26. gxf3 fxe3 27. fxe3
Nc6 28. Kf2 d5 29. dxe5 Nxe5 30. e4 Nd3+ 31. Bxd3 cxd3 32. Rxd3 dxe4 33. Rxe4
Rxd3 34. Rxe8+ Kf7 35. Re2 Rd2 36. Rxd2 Bxd2 37. Bd6 Ke6 38. Bb4 Kd5 39. b3 Bf4
40. Ke2 Bc1 41. Kd3 Bf4 42. c4+ bxc4+ 43. bxc4+ Kc6 44. Ke4 Bg5 45. Ke5 Kd7 46.
Kd5 Bf4 47. Bc3 Bc1 48. Bb4 Bb2 49. a4 Bc1 50. Kc5 Be3+ 51. Kb5 Kc7 52. Bc5 Bd2
53. Bb6+ Kd7 54. Bd4 Bg5 55. Kb6 Kc8 56. a5 Bd8+ 57. Kb5 Kd7 58. Bb6 Bg5 59.
Kc5 Ke6 60. Bc7 Be3+ 61. Kb5 Kd7 62. Bb6 Bg5 63. Bd4 Bd8 64. Bc3 Bc7 65. Bd4
Bd8 66. Be5 Ke6 67. Bd4 Kd7 68. c5 Bc7 69. Be3 Bd8 70. Bf4 Be7 71. Kb6 Kc8 72.
c6 Bd8+ 73. c7 Be7 74. a6 bxa6 75. Kxa6 Bh4 76. Kb5 Be1 77. Kc6 Ba5 78. Be5 g5
79. Bd6 h5 80. Be5 g4 81. fxg4 hxg4 82. hxg4 Bxc7 83. Kd5 Ba5 84. g5 Kd7 85.
Bf6 Bd2 86. g6 Bh6 87. Ke5 Bf8 88. Kf5 Kd6 89. Bb2 Bh6 90. Kf6 Kd7 91. Kf7 1-0

[Event "SR 2. liga A 2018/2019"]
[Site "?"]
[Date "2018.12.15"]
[Round "5.7"]
[White "Horvath, Marek"]
[Black "Varholak, Peter"]
[Result "1-0"]
[WhiteElo "1800"]
[BlackElo "1760"]
[PlyCount "34"]
[EventDate "2018.??.??"]
[WhiteTeam "SK Modra B"]
[BlackTeam "KS Pezinok"]

1. e4 d5 2. exd5 Nf6 3. Nf3 Nxd5 4. d4 Bf5 5. c3 e6 6. Bd3 Bg6 7. Qc2 Be7 8.
Be3 Nxe3 9. fxe3 Bxd3 10. Qxd3 O-O 11. Nbd2 Nd7 12. O-O c5 13. Nc4 cxd4 14.
exd4 Qc7 15. Qe2 Rac8 16. Ne3 Nb6 17. Ng4 Nc4 1-0

[Event "SR 2. liga A 2018/2019"]
[Site "?"]
[Date "2018.12.15"]
[Round "5.8"]
[White "Scepan, Juraj"]
[Black "Stevik, Patrik"]
[Result "0-1"]
[WhiteElo "1736"]
[BlackElo "1994"]
[PlyCount "126"]
[EventDate "2018.??.??"]
[WhiteTeam "KS Pezinok"]
[BlackTeam "SK Modra B"]

1. e4 c5 2. Nf3 d6 3. d4 cxd4 4. Nxd4 Nf6 5. Nc3 Nc6 6. Be3 g6 7. Be2 Bg7 8.
Qd2 Ng4 9. Bxg4 Bxg4 10. f3 Bd7 11. h4 h5 12. O-O-O a6 13. Nb3 b5 14. Nd5 Rb8
15. Nd4 Ne5 16. Bg5 Nc4 17. Qd3 f6 18. Bd2 Nxd2 19. Rxd2 e6 20. Ne3 Qb6 21. Kb1
Bh6 22. Re1 Bf4 23. Rdd1 Bg3 24. Rh1 Bf2 25. c3 Ke7 26. Ndc2 Rhc8 27. Qd2 Bg3
28. Nf1 Qf2 29. Nxg3 Qxg3 30. Rh3 Qe5 31. Qe3 a5 32. f4 Qc5 33. e5 dxe5 34.
fxe5 Qxe5 35. Qd3 Qd5 36. Qxd5 exd5 37. Re3+ Kd6 38. Red3 Be6 39. Ne3 Rc5 40.
a4 bxa4 41. c4 Rb3 42. cxd5 Rxd3 43. Rxd3 Bxd5 44. Rd4 a3 45. bxa3 Ke5 46. Rd2
Be4+ 47. Kb2 Kf4 48. Nf1 a4 49. Rf2+ Ke5 50. Re2 Kd4 51. Rd2+ Bd3 52. g3 Rb5+
53. Ka2 Kc3 54. Rf2 Bc4+ 55. Ka1 Rb3 56. Rf3+ Bd3 57. Rxd3+ Kxd3 58. Ka2 Ke2
59. Nh2 Kf2 60. g4 Kg2 61. gxh5 gxh5 62. Ng4 hxg4 63. h5 f5 0-1

[Event "SR 2. liga A 2018/2019"]
[Site "?"]
[Date "2018.12.15"]
[Round "5.1"]
[White "Lanc, Alois"]
[Black "Farkas, Gabor"]
[Result "1-0"]
[WhiteElo "2282"]
[BlackElo "2370"]
[PlyCount "77"]
[EventDate "2018.??.??"]
[WhiteTeam "Lokomotiva Trnava"]
[BlackTeam "SK Senec"]

1. e4 c6 2. Nc3 d5 3. Nf3 dxe4 4. Nxe4 Nf6 5. Nxf6+ exf6 6. d4 Bd6 7. Bd3 O-O
8. O-O Bg4 9. h3 Bh5 10. c3 Re8 11. g4 Bg6 12. Nh4 Bxd3 13. Qxd3 g6 14. Ng2 c5
15. Rd1 Qc7 16. dxc5 Bxc5 17. Nf4 Nc6 18. Nd5 Bxf2+ 19. Kg2 Qd6 20. Qf3 Bh4 21.
g5 Kf8 22. Nxf6 Qe6 23. Nxe8 Rxe8 24. Bf4 Ne5 25. Bxe5 Qxe5 26. Rd5 Qe2+ 27.
Qxe2 Rxe2+ 28. Kf3 Rxb2 29. Rad1 Rxa2 30. Rd8+ Kg7 31. Kg4 Bf2 32. Rc8 Bb6 33.
c4 Rg2+ 34. Kf4 h6 35. h4 hxg5+ 36. hxg5 Bg1 37. Rd5 b6 38. Kf3 Ra2 39. Rdd8
1-0

[Event "SR 2. liga A 2018/2019"]
[Site "?"]
[Date "2018.12.15"]
[Round "5.2"]
[White "Takacs, Laszlo"]
[Black "Kovacocy, Pavel"]
[Result "1/2-1/2"]
[WhiteElo "2308"]
[BlackElo "2269"]
[PlyCount "54"]
[EventDate "2018.??.??"]
[WhiteTeam "SK Senec"]
[BlackTeam "Lokomotiva Trnava"]

1. e4 c5 2. Nf3 g6 3. d4 cxd4 4. Nxd4 Nc6 5. c4 Nf6 6. Nc3 d6 7. Be2 Bg7 8. Be3
O-O 9. O-O Nxd4 10. Bxd4 Bd7 11. Qd2 Bc6 12. f3 a5 13. b3 Nd7 14. Be3 Nc5 15.
Rab1 Be5 16. Rfc1 e6 17. Bg5 f6 18. Be3 f5 19. exf5 gxf5 20. Bg5 Qe8 21. Nb5
Qg6 22. Be7 Rf7 23. Bxd6 Rd8 24. Qe3 Bxd6 25. Nxd6 Rxd6 26. Qxc5 Rd2 27. Qe5 f4
1/2-1/2

[Event "SR 2. liga A 2018/2019"]
[Site "?"]
[Date "2018.12.15"]
[Round "5.3"]
[White "Arendas, Marek"]
[Black "Gruca, Miroslav"]
[Result "1/2-1/2"]
[WhiteElo "2116"]
[BlackElo "2179"]
[PlyCount "36"]
[EventDate "2018.??.??"]
[WhiteTeam "Lokomotiva Trnava"]
[BlackTeam "SK Senec"]

1. e4 b6 2. d4 Bb7 3. Bd3 e6 4. Nf3 c5 5. O-O cxd4 6. Nxd4 Nc6 7. Be3 Bc5 8.
Nxc6 Bxc6 9. Bxc5 bxc5 10. c4 Qb6 11. Qd2 Ne7 12. Nc3 O-O 13. Rab1 Ng6 14. f4
f6 15. Bc2 Qb4 16. Qe2 Rae8 17. a3 Qb6 18. Qf2 Rd8 1/2-1/2

[Event "SR 2. liga A 2018/2019"]
[Site "?"]
[Date "2018.12.15"]
[Round "5.4"]
[White "Kalmar, Tamas"]
[Black "Veselsky, Jozef"]
[Result "0-1"]
[WhiteElo "2061"]
[BlackElo "2158"]
[PlyCount "102"]
[EventDate "2018.??.??"]
[WhiteTeam "SK Senec"]
[BlackTeam "Lokomotiva Trnava"]

1. d4 d5 2. c4 e6 3. Nc3 Nf6 4. Bg5 Be7 5. e3 h6 6. Bh4 O-O 7. Nf3 b6 8. cxd5
Nxd5 9. Bxe7 Qxe7 10. Nxd5 exd5 11. Be2 Be6 12. O-O Rc8 13. Rc1 c5 14. dxc5
bxc5 15. Qc2 Nd7 16. Rfd1 a5 17. Nd2 a4 18. Nf3 Nb6 19. h3 d4 20. Qd2 Bxa2 21.
exd4 c4 22. Re1 Qd6 23. Ne5 f6 24. Nf3 Nd5 25. Bf1 Bb3 26. Qe2 c3 27. bxc3 Nxc3
28. Qb2 Qb4 29. Bd3 a3 30. Qa1 Bd5 31. Bf5 Rc7 32. Re3 a2 33. Rexc3 Rxc3 34.
Rxc3 Qxc3 35. Qxc3 a1=Q+ 36. Qxa1 Rxa1+ 37. Kh2 Bxf3 38. gxf3 Kf7 39. d5 g6 40.
Be6+ Ke7 41. Kg3 f5 42. h4 Kf6 43. f4 Rg1+ 44. Kf3 Rg4 45. h5 gxh5 46. Bc8 Rg8
47. Be6 Rg7 48. Bc8 h4 49. d6 h3 50. d7 Rg8 51. Bb7 Ke7 0-1

[Event "SR 2. liga A 2018/2019"]
[Site "?"]
[Date "2018.12.15"]
[Round "5.5"]
[White "Felcir, Jaroslav"]
[Black "Koloditsova, Renata"]
[Result "0-1"]
[WhiteElo "2175"]
[BlackElo "1924"]
[PlyCount "54"]
[EventDate "2018.??.??"]
[WhiteTeam "Lokomotiva Trnava"]
[BlackTeam "SK Senec"]

1. e4 e6 2. d4 d5 3. e5 c5 4. c3 Nc6 5. Be3 Qb6 6. Qd2 Bd7 7. f4 cxd4 8. cxd4
Nh6 9. Nf3 Rc8 10. Nc3 Be7 11. Rc1 Na5 12. h3 O-O 13. g4 Nc4 14. Bxc4 Rxc4 15.
f5 exf5 16. g5 f4 17. Bxf4 Nf5 18. Nxd5 Rxc1+ 19. Qxc1 Qa5+ 20. Nc3 Bc6 21. O-O
Bxf3 22. Rxf3 Nxd4 23. Rd3 Rd8 24. Kg2 Qa6 25. Qe3 Qc6+ 26. Qe4 Ne6 27. Qxc6
Nxf4+ 0-1

[Event "SR 2. liga A 2018/2019"]
[Site "?"]
[Date "2018.12.15"]
[Round "5.6"]
[White "Lesny, Stefan"]
[Black "Puchart, Vladimir"]
[Result "1/2-1/2"]
[WhiteElo "2025"]
[BlackElo "2027"]
[PlyCount "28"]
[EventDate "2018.??.??"]
[WhiteTeam "SK Senec"]
[BlackTeam "Lokomotiva Trnava"]

1. e4 c5 2. Nf3 d6 3. c3 Nf6 4. d3 a6 5. g3 e6 6. Bg2 Be7 7. O-O O-O 8. Na3 Nc6
9. Nc2 Rb8 10. Re1 b5 11. d4 d5 12. exd5 Nxd5 13. dxc5 Bxc5 14. Nd2 Bb7 1/2-1/2

[Event "SR 2. liga A 2018/2019"]
[Site "?"]
[Date "2018.12.15"]
[Round "5.7"]
[White "Szitkey, Milan"]
[Black "Ujhelyi, Matus"]
[Result "1/2-1/2"]
[WhiteElo "2089"]
[BlackElo "1873"]
[PlyCount "46"]
[EventDate "2018.??.??"]
[WhiteTeam "Lokomotiva Trnava"]
[BlackTeam "SK Senec"]

1. e4 e5 2. Nf3 Nc6 3. Bb5 a6 4. Ba4 Nf6 5. d3 d6 6. c3 Be7 7. O-O O-O 8. Re1
b5 9. Bb3 Na5 10. Bc2 c5 11. Nbd2 Nc6 12. Nf1 Qc7 13. Ng3 d5 14. h3 dxe4 15.
dxe4 b4 16. Nh4 g6 17. Bg5 Ne8 18. Qd2 Be6 19. Ba4 f6 20. Bh6 Ng7 21. Nf3 Rac8
22. Nf1 Rfd8 23. Qe2 bxc3 1/2-1/2

[Event "SR 2. liga A 2018/2019"]
[Site "?"]
[Date "2018.12.16"]
[Round "6.1"]
[White "Novosadova, Kristyna"]
[Black "Sosna, Jan"]
[Result "0-1"]
[WhiteElo "2229"]
[BlackElo "2338"]
[PlyCount "98"]
[EventDate "2018.??.??"]
[WhiteTeam "SK Nafta Gbely"]
[BlackTeam "SK Skalica"]

1. e4 e5 2. Nf3 Nc6 3. Bb5 Nf6 4. O-O Nxe4 5. d4 Nd6 6. Bxc6 dxc6 7. dxe5 Nf5
8. Qe2 Nd4 9. Nxd4 Qxd4 10. Rd1 Qg4 11. f3 Qg6 12. Be3 Bf5 13. Rd2 Bb4 14. c3
Be7 15. Na3 Bxa3 16. bxa3 b6 17. Rad1 O-O 18. Kh1 h5 19. Bf4 Rfe8 20. h3 Qe6
21. g4 Bg6 22. Rd7 Re7 23. Rd8+ Rxd8 24. Rxd8+ Kh7 25. Qa6 f6 26. Qc8 Qxc8 27.
Rxc8 fxe5 28. Bg5 Rf7 29. Kg2 Bd3 30. Re8 Be2 31. Rxe5 Bxf3+ 32. Kg3 hxg4 33.
Re7 Rf5 34. Bf4 gxh3 35. Bxc7 Bg2 36. Be5 Rg5+ 37. Kh2 b5 38. Bd4 a5 39. a4 b4
40. Re5 Rxe5 41. Bxe5 c5 42. cxb4 axb4 43. Bd6 c4 44. Bxb4 g5 45. a5 Kg6 46. a6
g4 47. Kg3 Kf5 48. Kf2 Bc6 49. Bd6 Ke4 0-1

[Event "SR 2. liga A 2018/2019"]
[Site "?"]
[Date "2018.12.16"]
[Round "6.2"]
[White "Hudacek, Josef"]
[Black "Matejovic, Juraj"]
[Result "1-0"]
[WhiteElo "2058"]
[BlackElo "2252"]
[PlyCount "87"]
[EventDate "2018.??.??"]
[WhiteTeam "SK Skalica"]
[BlackTeam "SK Nafta Gbely"]

1. e4 c5 2. Ne2 e6 3. d3 Nc6 4. g3 d5 5. Nd2 Nf6 6. Bg2 Be7 7. O-O Qc7 8. h3
Bd7 9. Nc3 d4 10. Nb5 Qc8 11. f4 a6 12. Na3 b5 13. e5 Nd5 14. Qg4 Qc7 15. Qxg7
O-O-O 16. Qxf7 Rdf8 17. Qh5 Ne3 18. Rf2 Rhg8 19. Ne4 Nxg2 20. Rxg2 Be8 21. Qe2
Nb4 22. c3 dxc3 23. bxc3 Nd5 24. c4 Nc3 25. Nxc3 b4 26. Ne4 bxa3 27. Bxa3 Bc6
28. Kh1 Qa5 29. Bc1 Rd8 30. Rb1 Kc7 31. Rb3 Rb8 32. Ra3 Qb4 33. Rxa6 Qb7 34.
Ra3 Rgd8 35. Bd2 Kd7 36. Ba5 Rf8 37. Bc3 h5 38. Qxh5 Rh8 39. Qf7 Kd8 40. Qxe6
Bd7 41. Ba5+ Kc8 42. Qxe7 Rxh3+ 43. Kg1 Qb1+ 44. Kf2 1-0

[Event "SR 2. liga A 2018/2019"]
[Site "?"]
[Date "2018.12.16"]
[Round "6.3"]
[White "Lintner, Igor"]
[Black "Kucharek, Jaroslav"]
[Result "1/2-1/2"]
[WhiteElo "2165"]
[BlackElo "2048"]
[PlyCount "57"]
[EventDate "2018.??.??"]
[WhiteTeam "SK Nafta Gbely"]
[BlackTeam "SK Skalica"]

1. e4 d6 2. d4 Nf6 3. Nc3 e5 4. Nf3 Nbd7 5. Bc4 Be7 6. Be3 O-O 7. h3 c6 8. Bb3
b5 9. a3 Bb7 10. Qe2 a5 11. Nd2 b4 12. Ncb1 exd4 13. Bxd4 c5 14. Bxf6 Nxf6 15.
O-O a4 16. Ba2 Re8 17. Re1 Bf8 18. axb4 cxb4 19. Qb5 Qc7 20. Qxb4 d5 21. Qc3
Rac8 22. Qxc7 Rxc7 23. Nc3 dxe4 24. Nxa4 e3 25. Rxe3 Rxe3 26. fxe3 Rxc2 27. Nf3
Re2 28. Rc1 Rxe3 29. Rc3 1/2-1/2

[Event "SR 2. liga A 2018/2019"]
[Site "?"]
[Date "2018.12.16"]
[Round "6.4"]
[White "Stanec, Stanislav"]
[Black "Sosovicka, Juraj"]
[Result "1/2-1/2"]
[WhiteElo "2030"]
[BlackElo "2123"]
[PlyCount "33"]
[EventDate "2018.??.??"]
[WhiteTeam "SK Skalica"]
[BlackTeam "SK Nafta Gbely"]

1. d4 d5 2. Nf3 Nf6 3. e3 Bf5 4. Bd3 Bxd3 5. Qxd3 Nbd7 6. Nbd2 e6 7. O-O Be7 8.
b3 O-O 9. Bb2 c5 10. c4 Rc8 11. Rfc1 cxd4 12. Bxd4 Nc5 13. Qe2 b6 14. Ne5 Ncd7
15. cxd5 Nxe5 16. Bxe5 Qxd5 17. Nf3 1/2-1/2

[Event "SR 2. liga A 2018/2019"]
[Site "?"]
[Date "2018.12.16"]
[Round "6.5"]
[White "Travnicek, Petr"]
[Black "Horak, Ivan"]
[Result "1-0"]
[WhiteElo "2117"]
[BlackElo "1998"]
[PlyCount "99"]
[EventDate "2018.??.??"]
[WhiteTeam "SK Nafta Gbely"]
[BlackTeam "SK Skalica"]

1. d4 d5 2. c4 e6 3. Nc3 Nf6 4. Bg5 Be7 5. e3 c6 6. Nf3 Nbd7 7. Qc2 O-O 8. Rd1
a6 9. cxd5 exd5 10. Bd3 h6 11. Bh4 Re8 12. O-O Ne4 13. Bg3 Nxg3 14. hxg3 Nf6
15. e4 dxe4 16. Nxe4 Nxe4 17. Bxe4 Be6 18. Ne5 Qa5 19. b3 Rad8 20. Bh7+ Kh8 21.
Bf5 Bd5 22. Rfe1 Bb4 23. Re3 Qc7 24. Qe2 Rf8 25. Qh5 Rd6 26. g4 Rf6 27. Bb1 Rd8
28. g5 Rfd6 29. Rh3 Kg8 30. Rg3 Kf8 31. gxh6 gxh6 32. Bh7 Rf6 33. Qh4 Ke7 34.
Ng4 Qf4 35. Re3+ Be6 36. Qxf6+ Qxf6 37. Nxf6 Kxf6 38. Bc2 Ba5 39. Be4 Bb6 40.
Red3 Bg4 41. f3 Bc8 42. g4 Rxd4 43. Rxd4 Ke5 44. Kf1 Bxd4 45. Ke2 Be6 46. Rh1
Bxg4 47. Kd3 f5 48. Bxc6 bxc6 49. fxg4 c5 50. gxf5 1-0

[Event "SR 2. liga A 2018/2019"]
[Site "?"]
[Date "2018.12.16"]
[Round "6.6"]
[White "Londin, Martin"]
[Black "Pribila, Gerhard"]
[Result "0-1"]
[WhiteElo "1927"]
[BlackElo "2141"]
[PlyCount "96"]
[EventDate "2018.??.??"]
[WhiteTeam "SK Skalica"]
[BlackTeam "SK Nafta Gbely"]

1. b3 e5 2. Bb2 Nc6 3. e3 Nf6 4. Nf3 d6 5. d4 e4 6. Nfd2 d5 7. c4 Bb4 8. a3
Bxd2+ 9. Nxd2 O-O 10. Be2 Re8 11. h3 Ne7 12. Qc2 c6 13. a4 Bd7 14. Ba3 Ng6 15.
c5 h6 16. b4 a6 17. O-O-O Nh7 18. g3 Qc8 19. g4 Nh4 20. Rdg1 Ng5 21. Rg3 Qc7
22. a5 Rf8 23. Rhg1 Rae8 24. Qd1 f5 25. Qe1 f4 26. exf4 Qxf4 27. Rf1 Ngf3 28.
Bxf3 exf3 29. Qd1 Qxd4 30. Qb3 Re2 31. Qb2 Qd3 32. Rd1 Rxf2 33. Qb3 Rxd2 34.
Qxd3 Rxd3 35. Rxd3 f2 36. Rd1 f1=Q 37. Rxf1 Rxf1+ 38. Kd2 Rf3 39. Rxf3 Nxf3+
40. Ke3 Ng5 41. Kf4 Nf7 42. Bb2 g5+ 43. Kg3 Kh7 44. Bd4 Kg6 45. h4 Nd8 46. h5+
Kf7 47. Kf3 Ne6 48. Be5 Nf8 0-1

[Event "SR 2. liga A 2018/2019"]
[Site "?"]
[Date "2018.12.16"]
[Round "6.7"]
[White "Brunovsky, Peter"]
[Black "Hrubsa, Marian"]
[Result "0-1"]
[WhiteElo "1858"]
[BlackElo "1926"]
[PlyCount "172"]
[EventDate "2018.??.??"]
[WhiteTeam "SK Nafta Gbely"]
[BlackTeam "SK Skalica"]

1. c4 f5 2. Nc3 Nf6 3. g3 g6 4. Bg2 Bg7 5. Nf3 O-O 6. O-O d6 7. d3 e5 8. e4
fxe4 9. dxe4 Nc6 10. h3 Be6 11. b3 h6 12. Qd3 Nh5 13. Nd5 Qd7 14. Kh2 Rf7 15.
Be3 Raf8 16. Ng1 Kh7 17. Rad1 b6 18. Ne2 a5 19. Qd2 Qc8 20. Rc1 Qd8 21. Rcd1
Nf6 22. Rc1 Nd7 23. Rb1 Ndb8 24. Rbc1 Na6 25. Rb1 Ne7 26. Nec3 Nc8 27. Na4 Ne7
28. Nac3 Nc6 29. Ne2 Qd7 30. Rbc1 Ra8 31. Rb1 Rff8 32. Rfd1 Rfb8 33. Nec3 Nd8
34. Rbc1 Nb7 35. Rb1 Nbc5 36. Ne2 Rf8 37. Rf1 Rf7 38. Rbd1 Raf8 39. Nec3 Qd8
40. Ne2 Qd7 41. Nec3 Qd8 42. Ne2 Rd7 43. Ndc3 Nb4 44. Nc1 Nc6 45. N1e2 Qc8 46.
Nd5 Rdf7 47. Rc1 Nd7 48. Rb1 Nf6 49. Rbc1 Nh5 50. Rcd1 Ne7 51. Nec3 Qb7 52.
Nxe7 Rxe7 53. Nd5 Ref7 54. a4 Nf6 55. Nxf6+ Rxf6 56. Qd3 Qc8 57. Qc2 R8f7 58.
Qd2 Qf8 59. Kg1 g5 60. Qe2 Qc8 61. Kh2 Rg6 62. Qd2 Bf8 63. Qd3 Be7 64. Qe2 Qd8
65. Bf3 Rf8 66. Bg4 Bxg4 67. hxg4 Qd7 68. Kg2 Rgf6 69. Rh1 Qe8 70. Rd2 Qg6 71.
Qd3 Rf3 72. Qd5 Qf6 73. Kh3 Kg6 74. Qc6 Qe6 75. Qd5 Qd7 76. Kg2 Qxg4 77. Qd3
R3f6 78. Qc2 Qf3+ 79. Kg1 Qg4 80. Rh2 Rf3 81. Re2 h5 82. Re1 Rxg3+ 83. fxg3
Qxg3+ 84. Kh1 Qxe1+ 85. Bg1 Rf4 86. Qg2 Rg4 0-1